LEADER 01445nam0 22002891i 450 001 UON00395555 005 20231205104633.307 010 $a88-7285-293-5 100 $a20110711d2003 |0itac50 ba 101 $aita 102 $aIT 105 $a|||| ||||| 200 1 $aˆIl ‰dolore dell'indeterminato$euna attualizzazione della filosofia politica di Hegel$fAxel Honneth - Roma$eManifestolibri, [2003] - 142 p. ; 17 cm. 316 $aRicerca Prof. Bonito Oliva$5IT-UONSI TEORIA POLSMARRITO/SMARRITO 410 1$1001UON00395408$12001 $aˆLe ‰orme - Roma$eManifestolibri$v19 606 $aHEGEL GEORG WILHELM FRIEDRICH$xConcezione politica$3UONC049942$2FI 620 $aIT$dRoma$3UONL000004 676 $a193$cFilosofia occidentale moderna. Germania e Austria$v21 700 1$aHonneth$bAxel$3UONV185813$0120120 712 $aManifestolibri$3UONV259087$4650 801 $aIT$bSOL$c20250926$gRICA 899 $aSIBA - SISTEMA BIBLIOTECARIO DI ATENEO$2UONSI 912 $aUON00395555 950 $aSIBA - SISTEMA BIBLIOTECARIO DI ATENEO$dSI TEORIA POLSMARRITO SMARRITO $eSI FP 22048 6 SMARRITO Ricerca Prof. Bonito Oliva$sSmarrito 951 $aSIBA - SISTEMA BIBLIOTECARIO DI ATENEO$bSI2017692 1Z 20170803ESAURITO - COMUNICAZIONE FO E-MAIL DEL 2/11/2017 - 996 $aDolore dell'indeterminato$91105743 997 $aUNIOR